000 00835nam0a22002531 4500
001 rc\2781455
005 20250806204222.0
035 _a(NLR Aleph) 006907687
090 _a22358
_c22358
100 _a20110915d1945 u y0rusy50 ca
101 0 _arus
102 _aRU
105 _ay z |||||
200 1 _aПрава и обязанности граждан СССР
_fВ. Карпинский
210 _a[Киров]
_cКировск. обл. изд-во
_d1945
_gобл. типолит.
215 _a95 с.
_d14 см.
700 1 _aКарпинский
_bВ.А.
_f1880-
_gВячеслав Алексеевич
801 0 _aRU
_bNLR
_gpsbo
801 1 _aRU
_bELAR
_2rusmarc
852 _aNLR
_jП20 Г-2/105
942 _cBOOK
945 _aРоссийская национальная библиотека
980 _aNB
980 _aBV